Name These 20 flags - Easy - Statistics

General Stats
  • This quiz has been taken 42 times
  • The average score is 20 of 20
Answer Stats
Picture Answer % Correct
Argentina
100%
Brazil
100%
Canada
100%
China
100%
France
100%
Germany
100%
Greece
100%
India
100%
Italy
100%
Japan
100%
Mexico
100%
Norway
100%
South Africa
100%
South Korea
100%
Spain
100%
United Kingdom
100%
United States
100%
Sweden
97%
Turkey
97%
Denmark
94%
No matching quizzes found
Score Distribution
Percent of People with Each Score
Percentile by Number Answered
Your Score History
You have not taken this quiz